| 000 | 00451nam a2200157 i 4500 | ||
|---|---|---|---|
| 001 | 61614 | ||
| 003 | ES-MaACL | ||
| 005 | 20230906164514.0 | ||
| 007 | t| | ||
| 008 | 031113s1972 sp ||||1| cat d | ||
| 100 | 1 |
_aFàbregas, Xavier. _948556 |
|
| 245 | 1 | 0 |
_aAproximació a la historia del teatre catalá modern / _cper Xavier Fabregas. |
| 260 |
_aBarcelona : _bCurial, _c1972. |
||
| 300 |
_a322 p. ; _c18 cm. |
||
| 852 |
_aES-MaACL _jC-50051 _bR.84549 |
||
| 999 |
_c61614 _d61614 |
||